1902 1533 1817 1280 1041 1208 1931 1650 1032 1868 1169 1656 1685 1493 1826 1184 1715 1332 1171 1672 1594 1331 1897 1558 1265 1914 1771 1222 1049 1953 1807 1602 1856 1053 1546 1241 1606 1665 1552 1432 1649 1252 1917 1875 1190 1841 1966 1518 1376 1848 1297 1062 1660 1406 1951 1030 1185 1019 1757 1067 1722 1944 1351 1508 1034 1649 1444 1235 1438 1317 1479 1988 1630 1766 1902 1333 1741 1310 1739 1819 1173 1104 1179 1722 1981 1006 1385 1124 1001 1401 1723 1526 1011 1555 1654 1524 1843 1445 1969 BCNSPRNW ULIB Ver.6.0+V

เปลี่ยนเป็นภาษาไทย

Change to English
 แสดงรายละเอียดบรรณานุกรม
  กลับหน้าหลัก

Brief Record : Get Marc (ISO 2709) : E-mail record : QR code < ปิดหน้าต่าง
LEADER : 00000nam 2200000uu 4500
001    13399110204
003     ULIB
008    110425s2550||||th 000 0 tha d
020    9789742965259
060  4 WM55^bส945ค 2550
110 1  กระทรวงสาธารณสุข,^bกรมสุขภาพจิต
245 00 คู่มือสำหรับวิทยากรหลักสูตรบูรณาการ การดูแลจิตใจในภาวะวิกฤต(พื้นฐาน)^cเสาวลักษณ์ สุวรรณไมตรี, อุษา ลิ่มซิ้ว และชาดา ประจง,บรรณาธิการ
260    กรุงเทพฯ:^bโรงพิมพ์ชุมนุมสหกรณ์การเกษตรแห่งประเทศไทย,2550
300    180 หน้า
650  7 การดูแลจิตใจ
650  7 ภาวะวิกฤต
650  7 การให้คำปรึกษา
945    ^p0^l0^i030013
945    ^p0^l0^i030011
945    ^p0^l0^i030012
945    ^p0^l0^i030010
995    เกษร
999    ^aใช้งานได้ทุกระบบ
รายการนี้ยังไม่มีแท็ก
คุณยังไม่ได้ล็อกอิน คุณสามารถมีกิจกรรมร่วมกับเว็บไซต์ได้ แต่ต้องล็อกอินก่อน ::
  ล็อกอิน

รายการสื่อสารสนเทศ

ลำดับที่ ประเภท เลขเรียก/บาร์โค้ด สถานที่ สถานะ
1. วิทยาศาสตร์การแพทย์ และสุขภาพ
วิทยาศาสตร์การแพทย์ และสุขภาพ
WM55 ส945ค 2550 ฉ.2 
  Barcode: 030011
ห้องสมุดวิทยาเขตนครสวรรค์
►ส่วนจัดเก็บหนังสือเก่า นว.
บนชั้น
  ขอยืม

รายการใกล้เคียง
    หัวเรื่อง [การดูแลจิตใจ]
    หัวเรื่อง [ภาวะวิกฤต]
    หัวเรื่อง [การให้คำปรึกษา]

BibComment


ยังไม่เคยถูกคอมเมนท์

คอมเมนท์ทรัพยากรรายการนี้
  คอมเมนท์: คู่มือสำหรับวิทยา..


 Copyright 2026. Bcnsprnw @Library